[Event "2. Bundesliga Mitte 2010/11"]
[Site "Feffernitz"]
[Date "2011.03.13"]
[Round "8"]
[Board "5"]
[White "Titz, Heimo"]
[Black "Perhinig, Robert"]
[Result "0-1"]
[WhiteElo "2225"]
[BlackElo "2262"]
[PlyCount "148"]
[EventDate "2010.10.16"]
[EventType "team"]
[EventRounds "11"]
[EventCountry "AUT"]
[WhiteTeam "SC Die Klagenfurter"]
[BlackTeam "SV Raika Rapid Feffernitz"]

1.c4 e6 2.d4 d5 3.Nc3 c6 4.Nf3 Nf6 5.Qb3 Be7 6.Bg5 O-O 7.e3 Nbd7 8.Be2 dxc4
9.Qxc4 Nd5 10.Bxe7 Qxe7 11.O-O Nxc3 12.Qxc3 c5 13.dxc5 Nxc5 14.Rac1 b6 15.b4 Na6
16.a3 Bb7 17.Qe5 Rac8 18.Nd4 Nb8 19.Bf3 Nd7 20.Qg3 Nf6 21.Nc6 Bxc6 22.Bxc6 Rfd8
23.b5 Qxa3 24.Ra1 Qe7 25.Ra6 Nd5 26.Qf3 Nb4 27.Bb7 Nxa6 28.Bxc8 Nc5 29.Ba6 Qd7
30.h3 Qd5 31.Qg4 g6 32.Qh4 Ne4 33.Qe7 Qd7 34.Qb4 Nc5 35.Qf4 Kg7 36.Ra1 Qd6
37.Qf3 Qd5 38.Qf4 Qf5 39.Qxf5 exf5 40.Ra2 Kf6 41.Kf1 Ke6 42.Ke2 f6 43.f3 Nxa6
44.Rxa6 Rd7 45.Ra2 Rc7 46.h4 h5 47.Kd3 Kd5 48.Ra4 g5 49.Rd4+ Ke6 50.Ra4 g4
51.fxg4 fxg4 52.g3 Rc5 53.Rxa7 Kf5 54.e4+ Kg6 55.Ra3 Rxb5 56.Kd4 Rb1 57.Re3 Rd1+
58.Kc4 Rf1 59.Rb3 Rf3 60.Rxb6 Rxg3 61.e5 Rf3 62.Kd4 Rf5 63.exf6 Rxf6 64.Rb8 Kf5
65.Rh8 Kf4 66.Rxh5 Rd6+ 67.Kc5 Rg6 68.Rd5 g3 69.h5 Rh6 70.Rd4+ Kf3 71.Rd3+ Kf2
72.Rd2+ Kg1 73.Kd4 g2 74.Ke3 Kh1 0-1

[Event "2. Bundesliga Mitte 2010/11"]
[Site "Feffernitz"]
[Date "2011.03.13"]
[Round "8"]
[Board "6"]
[White "Arztmann, Wolfgang"]
[Black "Wertjanz, David"]
[Result "1-0"]
[WhiteElo "2164"]
[BlackElo "2209"]
[PlyCount "103"]
[EventDate "2010.10.16"]
[EventType "team"]
[EventRounds "11"]
[EventCountry "AUT"]
[WhiteTeam "SV Raika Rapid Feffernitz"]
[BlackTeam "SC Die Klagenfurter"]

1.e4 c5 2.c3 d5 3.exd5 Qxd5 4.d4 Nf6 5.Nf3 Bg4 6.Nbd2 e6 7.Bc4 Qd7 8.h3 Bxf3
9.Nxf3 Nc6 10.Be3 cxd4 11.Nxd4 Nd5 12.Bxd5 Qxd5 13.Qf3 Qxf3 14.Nxf3 Bd6 15.O-O-O
Ke7 16.Ng5 Rad8 17.Rxd6 Kxd6 18.Nxf7+ Kc7 19.Nxh8 Rxh8 20.Rd1 e5 21.f4 e4 22.Rd5
Rf8 23.Kd2 b6 24.g4 g6 25.b3 Rf6 26.h4 Rd6 27.Rxd6 Kxd6 28.Bd4 Kd5 29.Ke3 b5
30.Bf6 a6 31.c4+ bxc4 32.bxc4+ Ke6 33.Bc3 h5 34.gxh5 gxh5 35.Kxe4 Ne7 36.Be1 Nf5
37.c5 Ne7 38.Ba5 Nf5 39.Bd8 Ng3+ 40.Kf3 Nf5 41.Ke4 Ng3+ 42.Kd4 Nf5+ 43.Kc4 Kd7
44.Bf6 Kc6 45.Bg5 Ng7 46.Kd4 Ne6+ 47.Ke5 Nxc5 48.Kf5 Kd5 49.Kg6 Ke6 50.f5+ Ke5
51.f6 Ne6 52.f7 1-0

[Event "2. Bundesliga Mitte 2010/11"]
[Site "Ansfelden"]
[Date "2011.03.13"]
[Round "8"]
[Board "1"]
[White "Weiss, Christian"]
[Black "Renner, Christoph"]
[Result "0-1"]
[WhiteElo "2417"]
[BlackElo "2420"]
[PlyCount "133"]
[EventDate "2010.10.16"]
[EventType "team"]
[EventRounds "11"]
[EventCountry "AUT"]
[WhiteTeam "Union Ansfelden"]
[BlackTeam "SPG Sauwald 1"]

1.d4 f5 2.g3 Nf6 3.Bg2 g6 4.Nh3 Bg7 5.Nf4 d6 6.d5 c6 7.c4 e5 8.dxe6 Qe7 9.Nd2
O-O 10.Nf3 Na6 11.O-O Bxe6 12.Nxe6 Qxe6 13.Qc2 Rfe8 14.Nd4 Qe5 15.Rd1 Rad8
16.Bf4 Qe7 17.Qa4 Nh5 18.Nxc6 bxc6 19.Qxa6 Nxf4 20.gxf4 Qxe2 21.Qxa7 Qg4 22.Qc7
c5 23.Rxd6 Rxd6 24.Qxd6 Bxb2 25.Rf1 Bd4 26.Qd5+ Kh8 27.Qf3 Re2 28.Qxg4 fxg4
29.a4 Kg7 30.Bc6 Kf6 31.Kg2 Rc2 32.Bb5 Ra2 33.Kg3 h5 34.f3 Ra3 35.Kg2 Ra2+
36.Kg3 Ra3 37.Bc6 Kf5 38.Bd7+ Kf6 39.h3 gxf3 40.Rxf3 h4+ 41.Kg2 Ra2+ 42.Kf1 Ke7
43.Bb5 Ke6 44.Ke1 Bg7 45.Kd1 Kf5 46.Bc6 Bd4 47.Kc1 Bf6 48.Kd1 Bd8 49.Rd3 Be7
50.Rd7 Bf6 51.Rd5+ Kxf4 52.Rxc5 Ke3 53.Rd5 Bd4 54.c5 Rd2+ 55.Kc1 Rh2 56.Bb5 Ke4
57.Rd6 g5 58.c6 Rxh3 59.Rg6 Rc3+ 60.Kd2 Rc5 61.Bd3+ Kf4 62.Be2 Bc3+ 63.Kd3 h3
64.Rh6 Kg3 65.a5 Bxa5 66.Ke4 Bc7 67.Bf3 0-1

[Event "2. Bundesliga Mitte 2010/11"]
[Site "Ansfelden"]
[Date "2011.03.13"]
[Round "8"]
[Board "2"]
[White "Testor, Sebastian"]
[Black "Ennsberger, Ulrich"]
[Result "0-1"]
[WhiteElo "2365"]
[BlackElo "2365"]
[PlyCount "196"]
[EventDate "2010.10.16"]
[EventType "team"]
[EventRounds "11"]
[EventCountry "AUT"]
[WhiteTeam "SPG Sauwald 1"]
[BlackTeam "Union Ansfelden"]

1.d4 Nf6 2.c4 e6 3.Nf3 Bb4+ 4.Nbd2 b6 5.g3 Ba6 6.Qc2 O-O 7.Bg2 Bb7 8.O-O Bxd2
9.Qxd2 d6 10.b3 Nbd7 11.Rd1 Qe7 12.Ba3 a5 13.Qg5 h6 14.Qh4 Rfe8 15.Rac1 c5
16.dxc5 bxc5 17.Qf4 Ra6 18.Qd2 Rb8 19.Bb2 Ne8 20.Bc3 Ndf6 21.Bxa5 Ne4 22.Qe1
Rba8 23.b4 cxb4 24.Bxb4 Rxa2 25.Nd4 Rc8 26.f3 Nc5 27.Rd2 Ra4 28.Rb2 Ba8 29.Bxc5
Rxc5 30.Rb4 Rxb4 31.Qxb4 Qg5 32.f4 Qf6 33.Nb3 Rc8 34.Bxa8 Rxa8 35.c5 dxc5
36.Qxc5 Rd8 37.Kg2 Qb2 38.Qc2 Qa3 39.Rd1 Qa8+ 40.Kg1 Rc8 41.Qd3 Nf6 42.Qf3 Qa4
43.Kg2 Nd5 44.Rxd5 exd5 45.Qxd5 Qa2 46.Qd3 Qb2 47.Kf2 Rc3 48.Qd8+ Kh7 49.Nd2 Qc1
50.Qd4 Rc8 51.Nf3 Kg8 52.Qe3 Qc6 53.Ne5 Qh1 54.Nf3 Qa1 55.Qe5 Qa4 56.Qd4 Qb5
57.Qe5 Rc5 58.Qd4 Rc8 59.Qe5 Qc6 60.Qd4 Re8 61.Ne5 Qf6 62.Nf3 Qf5 63.Qd6 Qe4
64.Qd2 Rc8 65.Qd4 Qb7 66.Qd3 Qe7 67.Qd5 Rc5 68.Qa8+ Kh7 69.Qa3 g5 70.Qd3+ Kg8
71.Qe3 Qxe3+ 72.Kxe3 g4 73.Ne5 h5 74.Nd7 Rc1 75.f5 Kg7 76.Kf2 Rd1 77.Nb6 Kf6
78.Nc4 Rc1 79.Ne3 Ke5 80.Kg2 Ke4 81.Kf2 Rc5 82.f6 Rc6 83.Ng2 Rxf6+ 84.Ke1 Ra6
85.Nh4 f5 86.Kf2 f4 87.gxf4 Kxf4 88.Ng2+ Kg5 89.h3 gxh3 90.Ne1 Kg4 91.Nf3 Rf6
92.Kg1 Kg3 93.Nd2 h2+ 94.Kh1 Rf4 95.e3 Ra4 96.Ne4+ Kh4 97.Nf2 Ra2 98.Ne4 Rc2 0-1

[Event "2. Bundesliga Mitte 2010/11"]
[Site "Ansfelden"]
[Date "2011.03.13"]
[Round "8"]
[Board "3"]
[White "Knoll, Hermann"]
[Black "Taggatz, Mario"]
[Result "1/2-1/2"]
[WhiteElo "2382"]
[BlackElo "2331"]
[PlyCount "96"]
[EventDate "2010.10.16"]
[EventType "team"]
[EventRounds "11"]
[EventCountry "AUT"]
[WhiteTeam "Union Ansfelden"]
[BlackTeam "SPG Sauwald 1"]

1.e4 c6 2.d4 d5 3.e5 Bf5 4.Nd2 e6 5.Nb3 Nd7 6.Nf3 Ne7 7.Be2 Nc8 8.O-O Be7 9.Bd2
O-O 10.Rc1 b5 11.a4 a6 12.Ra1 Ncb6 13.Na5 Qc7 14.b3 Rfc8 15.c4 bxc4 16.bxc4 Nxc4
17.Nxc4 dxc4 18.Bxc4 Nb6 19.Ba5 Qa7 20.Be2 Nd5 21.Qd2 h6 22.Rfc1 Bg4 23.Rc4 Qd7
24.h3 Bh5 25.Qc1 Bg5 26.Bd2 Bxd2 27.Qxd2 Bxf3 28.Bxf3 a5 29.Rc5 Nb4 30.Rd1 Qa7
31.Qf4 Qa6 32.Qe4 Ra7 33.Kh2 Rd7 34.Be2 Qb6 35.Bd3 Nxd3 36.Rxd3 Rd5 37.Rdc3 Rcd8
38.R3c4 Qb2 39.Rxd5 cxd5 40.Qc2 Qxc2 41.Rxc2 Rb8 42.Rc5 Rb4 43.Rxa5 Rxd4 44.f3
h5 45.g4 h4 46.Ra7 g5 47.Kg2 Rd2+ 48.Kf1 Rh2 1/2-1/2

[Event "2. Bundesliga Mitte 2010/11"]
[Site "Ansfelden"]
[Date "2011.03.13"]
[Round "8"]
[Board "4"]
[White "Schmidt, Peter"]
[Black "Felsberger, Alfred"]
[Result "1/2-1/2"]
[WhiteElo "2394"]
[BlackElo "2370"]
[PlyCount "75"]
[EventDate "2010.10.16"]
[EventType "team"]
[EventRounds "11"]
[EventCountry "AUT"]
[WhiteTeam "SPG Sauwald 1"]
[BlackTeam "Union Ansfelden"]

1.Nf3 Nf6 2.g3 d5 3.Bg2 c6 4.c4 e6 5.O-O Be7 6.d4 O-O 7.Qc2 b6 8.Rd1 Bb7 9.Nc3
Na6 10.a3 Qc8 11.b3 c5 12.cxd5 exd5 13.Bb2 Rd8 14.Rac1 h6 15.Qb1 Qe6 16.e3 Rac8
17.dxc5 bxc5 18.Ne2 Qb6 19.Nf4 Ba8 20.Ne5 Nc7 21.b4 c4 22.Bd4 Qa6 23.Qf5 Nb5
24.Ba1 Nd6 25.Qh3 Nde4 26.Bd4 c3 27.Bf1 Qxa3 28.Nxf7 Qxb4 29.Qe6 Rc6 30.Nxh6+
Kh8 31.Nf7+ Kg8 32.Nd6+ Kh7 33.Qh3+ Kg8 34.Qe6+ Kh7 35.Qf5+ Kg8 36.Qe6+ Kh7
37.Qf5+ Kg8 38.Qe6+ 1/2-1/2

[Event "2. Bundesliga Mitte 2010/11"]
[Site "Ansfelden"]
[Date "2011.03.13"]
[Round "8"]
[Board "5"]
[White "Moser, Guenter"]
[Black "Hiermann, Dietmar"]
[Result "1/2-1/2"]
[WhiteElo "2355"]
[BlackElo "2287"]
[PlyCount "59"]
[EventDate "2010.10.16"]
[EventType "team"]
[EventRounds "11"]
[EventCountry "AUT"]
[WhiteTeam "Union Ansfelden"]
[BlackTeam "SPG Sauwald 1"]

1.Nf3 d5 2.g3 c6 3.Bg2 g6 4.O-O Bg7 5.d4 Nd7 6.Na3 Nb6 7.b3 Bf5 8.Bb2 Be4 9.Qc1
e6 10.c4 Ne7 11.Rd1 O-O 12.Bf1 Bxf3 13.exf3 dxc4 14.Nxc4 Nxc4 15.bxc4 Qc7 16.Rb1
Rfd8 17.d5 Bxb2 18.Qxb2 cxd5 19.Qxb7 Rac8 20.cxd5 Rxd5 21.Rxd5 Nxd5 22.a4 Nc3
23.Qxc7 Rxc7 24.Rb8+ Kg7 25.a5 Kf6 26.a6 Ke7 27.h4 Nd5 28.f4 Kd6 29.Kg2 h5
30.Kg1 1/2-1/2

[Event "2. Bundesliga Mitte 2010/11"]
[Site "Ansfelden"]
[Date "2011.03.13"]
[Round "8"]
[Board "1"]
[White "Nemeth, Miklos"]
[Black "Flumbort, Andras"]
[Result "1/2-1/2"]
[WhiteElo "2454"]
[BlackElo "2550"]
[PlyCount "36"]
[EventDate "2010.10.16"]
[EventType "team"]
[EventRounds "11"]
[EventCountry "AUT"]
[WhiteTeam "SV Steyregg"]
[BlackTeam "ASK St. Valentin"]

1.e4 c5 2.Nf3 e6 3.d4 cxd4 4.Nxd4 Nf6 5.Nc3 d6 6.g4 h6 7.h4 Nc6 8.Rg1 d5 9.exd5
Nxd5 10.Nxd5 Qxd5 11.c3 Bd7 12.Bg2 Qc4 13.Be3 Be7 14.Bf1 Qd5 15.Bg2 Qc4 16.Bf1
Qd5 17.Bg2 Qc4 18.Bf1 Qd5 1/2-1/2

[Event "2. Bundesliga Mitte 2010/11"]
[Site "Ansfelden"]
[Date "2011.03.13"]
[Round "8"]
[Board "2"]
[White "Gonda, Laszlo"]
[Black "Gergacz, Attila"]
[Result "1/2-1/2"]
[WhiteElo "2550"]
[BlackElo "2425"]
[PlyCount "153"]
[EventDate "2010.10.16"]
[EventType "team"]
[EventRounds "11"]
[EventCountry "AUT"]
[WhiteTeam "ASK St. Valentin"]
[BlackTeam "SV Steyregg"]

1.Nf3 d5 2.c4 c6 3.g3 Nf6 4.Bg2 e6 5.O-O Bd6 6.d4 Nbd7 7.Nc3 O-O 8.Nd2 b6 9.e4
dxe4 10.Ncxe4 Nxe4 11.Nxe4 Be7 12.Bf4 Bb7 13.Nd6 Bxd6 14.Bxd6 Re8 15.Re1 Nf8
16.c5 Ng6 17.Qg4 Ne7 18.Be5 Nf5 19.Rad1 f6 20.Bf4 Qd7 21.Bf1 Rad8 22.Bc4 Kh8
23.b4 Bc8 24.Be3 b5 25.Bb3 Ne7 26.Bc2 Nd5 27.Qh3 f5 28.a3 Qe7 29.Bc1 Qf6 30.Bb2
Qg6 31.Qh4 Qf6 32.Qh5 Bd7 33.Re5 a5 34.bxa5 Ra8 35.Rde1 g6 36.Qh6 Rxa5 37.Bc1
Raa8 38.Bb3 Qf7 39.Qh4 Ra7 40.Qg5 Raa8 41.Qd2 Ra7 42.Qe2 Rc7 43.h4 Nc3 44.Qf3
Nd5 45.Kg2 Ra7 46.Qe2 Rc7 47.Bh6 Rcc8 48.Bg5 Nc3 49.Qf3 Nd5 50.R5e2 Ra8 51.Bc1
Qf6 52.Re5 Kg7 53.Bg5 Qf7 54.Bxd5 cxd5 55.h5 Ra4 56.hxg6 Qxg6 57.Bd2 h5 58.Rh1
Qg4 59.Qe3 Rh8 60.Rh4 Qg6 61.c6 Bc8 62.Bb4 Ra6 63.Qc3 Qe8 64.Qc5 Rxc6 65.Qxb5
Ba6 66.Qa5 Kg6 67.Bc5 Bd3 68.Qd2 Ba6 69.Rh1 Kf6 70.Qf4 Qg6 71.Qh4+ Kg7 72.Rhe1
Qf6 73.Qf4 Rh6 74.Rh1 Bd3 75.Re3 Bc2 76.Bd6 Qd8 77.Be5+ 1/2-1/2

[Event "2. Bundesliga Mitte 2010/11"]
[Site "Ansfelden"]
[Date "2011.03.13"]
[Round "8"]
[Board "3"]
[White "Webersberger, Johann"]
[Black "Sandhoefner, Florian"]
[Result "1/2-1/2"]
[WhiteElo "2368"]
[BlackElo "2243"]
[PlyCount "65"]
[EventDate "2010.10.16"]
[EventType "team"]
[EventRounds "11"]
[EventCountry "AUT"]
[WhiteTeam "SV Steyregg"]
[BlackTeam "ASK St. Valentin"]

1.d4 d5 2.c4 c6 3.Nf3 Nf6 4.e3 Bf5 5.Nc3 e6 6.Nh4 Bg6 7.Be2 Nbd7 8.O-O Bd6 9.g3
Qe7 10.b3 O-O 11.Nxg6 hxg6 12.Bb2 Ba3 13.Qc1 Bxb2 14.Qxb2 Rad8 15.Rfd1 a6 16.Bf1
b5 17.Rac1 Rb8 18.cxd5 cxd5 19.Ne2 Rbc8 20.Nf4 Ne4 21.Rxc8 Rxc8 22.Rc1 Qd8 23.a4
Rxc1 24.Qxc1 Qb6 25.axb5 axb5 26.Qc8+ Nf8 27.f3 Nd6 28.Qc5 Qb8 29.Nd3 Nd7 30.Qc6
Nf6 31.g4 Nfe8 32.Nc5 Qa7 33.Qa6 1/2-1/2

[Event "2. Bundesliga Mitte 2010/11"]
[Site "Ansfelden"]
[Date "2011.03.13"]
[Round "8"]
[Board "4"]
[White "Kranzl, Peter"]
[Black "Enoeckl, Philipp"]
[Result "1-0"]
[WhiteElo "2256"]
[BlackElo "2285"]
[PlyCount "74"]
[EventDate "2010.10.16"]
[EventType "team"]
[EventRounds "11"]
[EventCountry "AUT"]
[WhiteTeam "ASK St. Valentin"]
[BlackTeam "SV Steyregg"]

1.g3 Nf6 2.Bg2 g6 3.e4 d6 4.d4 Bg7 5.Nc3 O-O 6.Nge2 e5 7.O-O Nbd7 8.h3 c6 9.a4
a5 10.Be3 Re8 11.g4 h5 12.g5 Nh7 13.dxe5 dxe5 14.Qd2 Qe7 15.Kh2 Nc5 16.Ng1 Ne6
17.Nf3 Rd8 18.Qc1 Nd4 19.Rd1 Be6 20.Ng1 Bc4 21.Bf1 Bxf1 22.Rxf1 Rd7 23.Ra3 Bf8
24.Nce2 Rad8 25.c3 Nxe2 26.Nxe2 Qe6 27.Ra1 Qb3 28.Ng1 Qc4 29.Re1 Qxe4 30.Bb6 Qf5
31.Bxd8 Rxd8 32.Qe3 Nxg5 33.Rad1 Rxd1 34.Rxd1 e4 35.Rd8 Ne6 36.Re8 Kg7 37.Ne2
Bd6+ 1-0

[Event "2. Bundesliga Mitte 2010/11"]
[Site "Ansfelden"]
[Date "2011.03.13"]
[Round "8"]
[Board "5"]
[White "Kubinger, Thomas"]
[Black "Trauner, Rudolf"]
[Result "1-0"]
[WhiteElo "2227"]
[BlackElo "2222"]
[PlyCount "71"]
[EventDate "2010.10.16"]
[EventType "team"]
[EventRounds "11"]
[EventCountry "AUT"]
[WhiteTeam "SV Steyregg"]
[BlackTeam "ASK St. Valentin"]

1.d4 Nf6 2.Bg5 Ne4 3.Bf4 d5 4.f3 Nd6 5.Nc3 c6 6.e4 Be6 7.Qd2 Nd7 8.e5 Nc8 9.h4
f6 10.exf6 exf6 11.O-O-O Be7 12.Re1 Bf7 13.Nge2 O-O 14.Ng3 Nd6 15.Bd3 Re8 16.h5
Nb6 17.Nf5 Nbc4 18.Nxe7+ Rxe7 19.Qf2 Rxe1+ 20.Rxe1 Qd7 21.b3 Nb6 22.Qg3 Re8
23.Rxe8+ Nxe8 24.h6 g6 25.Nd1 Nc8 26.Ne3 Ncd6 27.Ng4 Qe6 28.Bd2 Nf5 29.Qf4 Qd6
30.Qxd6 Nfxd6 31.Bf4 Be6 32.Nxf6+ Nxf6 33.Bxd6 Kf7 34.Kd2 Ng8 35.Bf4 Kf6 36.g4 1-0

[Event "2. Bundesliga Mitte 2010/11"]
[Site "Ansfelden"]
[Date "2011.03.13"]
[Round "8"]
[Board "6"]
[White "Heimberger, Reinhard"]
[Black "Wiesinger, Robert"]
[Result "1/2-1/2"]
[WhiteElo "2302"]
[BlackElo "2232"]
[PlyCount "80"]
[EventDate "2010.10.16"]
[EventType "team"]
[EventRounds "11"]
[EventCountry "AUT"]
[WhiteTeam "ASK St. Valentin"]
[BlackTeam "SV Steyregg"]

1.d4 d5 2.g3 c6 3.Bg2 Nf6 4.Nf3 Bf5 5.O-O h6 6.c4 e6 7.Nc3 Nbd7 8.Nd2 Be7 9.e4
dxe4 10.Ndxe4 Nxe4 11.Nxe4 O-O 12.Be3 Qa5 13.a3 Rfd8 14.b4 Qa6 15.Qb3 Rac8
16.Rfd1 b5 17.cxb5 Qxb5 18.Nc3 Qb8 19.Rac1 Nf6 20.Bf4 Qb7 21.Qa4 Nd5 22.Nxd5
cxd5 23.Bf1 Qb6 24.b5 Bg4 25.Re1 Bf6 26.Be3 Bf3 27.Rc6 Rxc6 28.bxc6 Rc8 29.Rc1
Bg5 30.Qa6 Rc7 31.Qxb6 axb6 32.Ba6 e5 33.dxe5 d4 34.Bxg5 hxg5 35.Bb5 Kf8 36.Rc4
Be2 37.Rb4 Bxb5 38.Rxb5 Rxc6 39.Rd5 Rc3 40.Rxd4 Rxa3 1/2-1/2

[Event "2. Bundesliga Mitte 2010/11"]
[Site "Gleisdorf"]
[Date "2011.03.13"]
[Round "8"]
[Board "1"]
[White "Freitag, Manfred"]
[Black "Danner, Georg"]
[Result "1/2-1/2"]
[WhiteElo "2382"]
[BlackElo "2422"]
[PlyCount "79"]
[EventDate "2010.10.16"]
[EventType "team"]
[EventRounds "11"]
[EventCountry "AUT"]
[WhiteTeam "ESV Austria Graz"]
[BlackTeam "UNION Styria Graz Kleine Zeitung"]

1.d4 Nf6 2.c4 e6 3.g3 Bb4+ 4.Bd2 Bxd2+ 5.Qxd2 d6 6.Bg2 O-O 7.e4 e5 8.Ne2 Bg4
9.f3 Bd7 10.Nbc3 Nc6 11.O-O Nxd4 12.Nxd4 exd4 13.Qxd4 Bc6 14.Rfd1 a5 15.b3 Nd7
16.f4 Re8 17.Rac1 Qf6 18.Nd5 Qxd4+ 19.Rxd4 Bxd5 20.cxd5 Nc5 21.Rc3 f6 22.Kf2 Re7
23.a3 Rae8 24.Rdc4 b6 25.b4 axb4 26.axb4 b5 27.Rxc5 dxc5 28.Rxc5 Ra8 29.Ke3 h6
30.Bf1 g5 31.Bh3 Ra3+ 32.Kd4 gxf4 33.Be6+ Kg7 34.gxf4 Rf3 35.f5 Rf1 36.Rxb5 Rd1+
37.Ke3 Kf8 38.Ke2 Rd4 39.Ke3 Rd1 40.Ke2 1/2-1/2

[Event "2. Bundesliga Mitte 2010/11"]
[Site "Gleisdorf"]
[Date "2011.03.13"]
[Round "8"]
[Board "2"]
[White "Stagl, Marco"]
[Black "Karner, Christoph"]
[Result "0-1"]
[WhiteElo "2112"]
[BlackElo "2322"]
[PlyCount "96"]
[EventDate "2010.10.16"]
[EventType "team"]
[EventRounds "11"]
[EventCountry "AUT"]
[WhiteTeam "UNION Styria Graz Kleine Zeitung"]
[BlackTeam "ESV Austria Graz"]

1.d4 Nf6 2.c4 c5 3.d5 e5 4.Nc3 d6 5.e4 Be7 6.Nf3 O-O 7.g3 Nbd7 8.Bg2 Ne8 9.O-O
g6 10.Ne1 Ng7 11.Nd3 f5 12.f4 Bf6 13.Qc2 a6 14.a4 Rb8 15.Bd2 b6 16.Kh1 exf4
17.Bxf4 Ne5 18.Bxe5 dxe5 19.Rae1 Qc7 20.Qe2 Bd7 21.Qe3 a5 22.Bh3 Rbe8 23.Nb5 Qb8
24.Qh6 Qd8 25.Qd2 Bg5 26.Qc3 fxe4 27.Bxd7 Qxd7 28.Nf2 Rf3 29.Qc2 Ref8 30.Kg2 Nf5
31.Nd1 Nh4+ 32.Kg1 Qh3 33.Qe2 Rxf1+ 34.Rxf1 Rxf1+ 35.Qxf1 Nf3+ 36.Kf2 e3+ 37.Ke2
Nd4+ 38.Nxd4 Qxh2+ 39.Kf3 exd4 40.b3 Qh5+ 41.g4 Qh2 42.Qe2 Qh1+ 43.Kg3 Be7
44.Nxe3 Qh4+ 45.Kg2 dxe3 46.Qxe3 Qxg4+ 47.Kf1 Qf5+ 48.Kg2 Qg5+ 0-1

[Event "2. Bundesliga Mitte 2010/11"]
[Site "Gleisdorf"]
[Date "2011.03.13"]
[Round "8"]
[Board "3"]
[White "Kotz, Heinz Peter"]
[Black "Manhardt, Thomas"]
[Result "1-0"]
[WhiteElo "2330"]
[BlackElo "2121"]
[PlyCount "55"]
[EventDate "2010.10.16"]
[EventType "team"]
[EventRounds "11"]
[EventCountry "AUT"]
[WhiteTeam "ESV Austria Graz"]
[BlackTeam "UNION Styria Graz Kleine Zeitung"]

1.e4 c5 2.c3 d5 3.exd5 Qxd5 4.d4 cxd4 5.cxd4 Nc6 6.Nf3 e5 7.Nc3 Bb4 8.Bd2 Bxc3
9.Bxc3 e4 10.Nd2 Nf6 11.Bc4 Qg5 12.d5 Ne5 13.Bb5+ Bd7 14.Bxd7+ Nexd7 15.O-O O-O
16.d6 Rfe8 17.Nc4 Nd5 18.h4 Nxc3 19.hxg5 Nxd1 20.Rfxd1 Rac8 21.Rac1 Rc5 22.b4
Rb5 23.Na5 Rxb4 24.Rc7 Nf8 25.d7 Rd8 26.Rc8 Ne6 27.Rd6 Rb6 28.Rxe6 1-0

[Event "2. Bundesliga Mitte 2010/11"]
[Site "Gleisdorf"]
[Date "2011.03.13"]
[Round "8"]
[Board "4"]
[White "Pirker, Christian"]
[Black "Aschenbrenner, Robert"]
[Result "0-1"]
[WhiteElo "2188"]
[BlackElo "2229"]
[PlyCount "110"]
[EventDate "2010.10.16"]
[EventType "team"]
[EventRounds "11"]
[EventCountry "AUT"]
[WhiteTeam "UNION Styria Graz Kleine Zeitung"]
[BlackTeam "ESV Austria Graz"]

1.c4 e5 2.d3 Nc6 3.a3 g6 4.b4 Bg7 5.Bb2 d6 6.e3 f5 7.Qc2 Qe7 8.Nc3 Nf6 9.Nf3 O-O
10.Be2 Nd8 11.O-O c6 12.d4 Nf7 13.a4 Kh8 14.c5 e4 15.cxd6 Qxd6 16.Nd2 Re8 17.b5
h5 18.Ba3 Qd8 19.a5 Ng4 20.bxc6 bxc6 21.h3 Ngh6 22.Rfe1 Qh4 23.Bf1 f4 24.Ncxe4
Bf5 25.exf4 Qxf4 26.g3 Qc7 27.Bg2 Ng5 28.Kh2 Rad8 29.Qc1 Ne6 30.Nb3 Nf7 31.Ra2
Nxd4 32.Nxd4 Rxd4 33.Rae2 Rb8 34.Ng5 Nxg5 35.Qxg5 Qxa5 36.Re8+ Rxe8 37.Rxe8+ Kh7
38.Bb2 Qd2 39.Qxd2 Rxd2 40.Bxg7 Kxg7 41.g4 hxg4 42.hxg4 Bxg4 43.Kg3 Bf5 44.Re7+
Kf6 45.Rxa7 c5 46.Rc7 Rc2 47.Kf3 Ke5 48.Ke3 Rc3+ 49.Ke2 Kd4 50.Bb7 Rc2+ 51.Ke1
c4 52.Ba6 Bd3 53.f3 Re2+ 54.Kd1 Ra2 55.Rc6 Ra1+ 0-1

[Event "2. Bundesliga Mitte 2010/11"]
[Site "Gleisdorf"]
[Date "2011.03.13"]
[Round "8"]
[Board "5"]
[White "Pfaffel, Thomas"]
[Black "Kozomara, David"]
[Result "1/2-1/2"]
[WhiteElo "2193"]
[BlackElo "1935"]
[PlyCount "95"]
[EventDate "2010.10.16"]
[EventType "team"]
[EventRounds "11"]
[EventCountry "AUT"]
[WhiteTeam "ESV Austria Graz"]
[BlackTeam "UNION Styria Graz Kleine Zeitung"]

1.b3 e5 2.Bb2 Nc6 3.c4 Nf6 4.d3 d5 5.cxd5 Bb4+ 6.Nd2 Qxd5 7.e4 Nxe4 8.dxe4 Qxe4+
9.Be2 Qxg2 10.Bf3 Qg6 11.Qe2 O-O 12.O-O-O Nd4 13.Bxd4 exd4 14.Be4 Bf5 15.Bxf5
Qxf5 16.Ne4 c5 17.Qd3 Rfe8 18.f3 a5 19.a4 b5 20.Qxb5 Ba3+ 21.Kd2 Qf4+ 22.Kc2
Rxe4 23.fxe4 Qxe4+ 24.Qd3 Qxh1 25.Nf3 Qg2+ 26.Rd2 Qg6 27.Qxg6 hxg6 28.Re2 Kf8
29.Ne5 Rd8 30.Kd3 Bb4 31.Rf2 Kg8 32.Rf3 f6 33.Nxg6 Re8 34.Nf4 Re5 35.Kc4 Re3
36.Rxe3 dxe3 37.Kd3 Ba3 38.Ne2 Bb2 39.Kxe3 Be5 40.h3 Kf7 41.Kd3 f5 42.Ng1 Kf6
43.Kc4 Bd4 44.Nf3 g5 45.Nxd4 cxd4 46.b4 g4 47.hxg4 fxg4 48.bxa5 1/2-1/2

[Event "2. Bundesliga Mitte 2010/11"]
[Site "Gleisdorf"]
[Date "2011.03.13"]
[Round "8"]
[Board "6"]
[White "Schriebl, Alexander"]
[Black "Ebner, Hubert"]
[Result "1/2-1/2"]
[WhiteElo "2072"]
[BlackElo "2199"]
[PlyCount "122"]
[EventDate "2010.10.16"]
[EventType "team"]
[EventRounds "11"]
[EventCountry "AUT"]
[WhiteTeam "UNION Styria Graz Kleine Zeitung"]
[BlackTeam "ESV Austria Graz"]

1.d4 Nf6 2.c4 g6 3.Nc3 Bg7 4.e4 d6 5.f4 O-O 6.Nf3 Na6 7.Be2 e5 8.dxe5 dxe5
9.Qxd8 Rxd8 10.fxe5 Ng4 11.Bf4 Re8 12.Rd1 c6 13.h3 Nxe5 14.Nxe5 Bxe5 15.Bxe5
Rxe5 16.Rd8+ Kg7 17.O-O Nc7 18.Rfd1 Be6 19.Rxa8 Nxa8 20.Rd8 Nb6 21.b3 Nd7 22.Bf3
Ra5 23.Bd1 h5 24.Bc2 b5 25.cxb5 cxb5 26.b4 Ra3 27.Nxb5 Rxa2 28.Nd4 Nf8 29.Bb3
Bxb3 30.Nxb3 Rb2 31.Rd3 Ne6 32.Rf3 Ng5 33.Re3 Nxe4 34.Rxe4 Rxb3 35.Re7 Rxb4
36.Rxa7 Rb2 37.Rc7 Kf6 38.Rc5 h4 39.Ra5 Rc2 40.Rb5 Ra2 41.Rc5 Kg7 42.Rc7 g5
43.Rb7 Kg6 44.Rb6+ f6 45.Rc6 Re2 46.Kf1 Rd2 47.Ra6 Kf5 48.Ra4 Ke5 49.Rb4 f5
50.Ra4 Rd4 51.Ra2 Kf4 52.Kf2 Rb4 53.Rc2 Ra4 54.Rb2 g4 55.hxg4 fxg4 56.g3+ hxg3+
57.Kg2 Rd4 58.Ra2 Kg5 59.Kxg3 Rd3+ 60.Kg2 Kh4 61.Rb2 Ra3 1/2-1/2

[Event "2. Bundesliga Mitte 2010/11"]
[Site "Gleisdorf"]
[Date "2011.03.13"]
[Round "8"]
[Board "1"]
[White "Horvath, Adam"]
[Black "Mohr, Georg"]
[Result "1/2-1/2"]
[WhiteElo "2493"]
[BlackElo "2511"]
[PlyCount "45"]
[EventDate "2010.10.16"]
[EventType "team"]
[EventRounds "11"]
[EventCountry "AUT"]
[WhiteTeam "RbEJ Gleisdorf"]
[BlackTeam "Strassenbahn Graz"]

1.e4 d6 2.d4 Nf6 3.Nc3 e5 4.Nf3 Nbd7 5.Bc4 Be7 6.O-O O-O 7.Re1 c6 8.a4 b6 9.d5
cxd5 10.Bxd5 Nxd5 11.Nxd5 Nf6 12.Nxf6+ Bxf6 13.c4 Bb7 14.Nd2 Bg5 15.Nf1 f5
16.exf5 Bxc1 17.Rxc1 Rxf5 18.Rc2 Qg5 19.Ne3 Rf6 20.Nd5 Rf7 21.Ne3 Rf6 22.Nd5 Rf7
23.Ne3 1/2-1/2

[Event "2. Bundesliga Mitte 2010/11"]
[Site "Gleisdorf"]
[Date "2011.03.13"]
[Round "8"]
[Board "2"]
[White "Petre, Nad-Titus"]
[Black "Horvath, Tamas"]
[Result "1/2-1/2"]
[WhiteElo "2377"]
[BlackElo "2414"]
[PlyCount "91"]
[EventDate "2010.10.16"]
[EventType "team"]
[EventRounds "11"]
[EventCountry "AUT"]
[WhiteTeam "Strassenbahn Graz"]
[BlackTeam "RbEJ Gleisdorf"]

1.e4 c5 2.Nf3 e6 3.d4 cxd4 4.Nxd4 Nf6 5.Nc3 Nc6 6.Ndb5 d6 7.Bf4 e5 8.Bg5 a6
9.Na3 b5 10.Nd5 Qa5+ 11.Bd2 Qd8 12.Bg5 Qa5+ 13.Bd2 Qd8 14.c4 Nxe4 15.cxb5 Be6
16.Bc4 Ne7 17.Be3 Qa5+ 18.Kf1 Rb8 19.Rc1 Nf5 20.b6 Nxe3+ 21.Nxe3 Qd2 22.Qxd2
Nxd2+ 23.Ke2 Nxc4 24.Naxc4 d5 25.Nxe5 Rxb6 26.Nd3 Be7 27.Rc7 Bd6 28.Rc2 O-O
29.Rhc1 Re8 30.Kd2 a5 31.Rc6 Bb4+ 32.Kd1 Rbb8 33.Nc2 d4 34.Ncxb4 axb4 35.Ra6 b3
36.Nc5 bxa2 37.Nxe6 Rxb2 38.Nxd4 Rxf2 39.g4 Rxh2 40.Ra4 Rh1+ 41.Kd2 Rh2+ 42.Kd3
Rh3+ 43.Kd2 Rd8 44.Ke2 Rh2+ 45.Ke3 Re8+ 46.Kd3 1/2-1/2